[Event "AUTO-INT-2001"]
[Site "http://www.queenalice.com/game.php?id=922463"]
[Date "2011.4.6"]
[Round "1"]
[White "luke6469"]
[Black "Liammason"]
[Result "1-0"]
[WhiteElo "1649"]
[BlackElo "1723"]

1. e4 c5 2. d4 cxd4 3. c3 dxc3 4. Nxc3 e5 5. Nf3 Nc6 6. Bc4 Bb4 7. O-O Bxc3 8.
bxc3 Nf6 9. Ba3 Nxe4 10. Qd5 Qf6 11. Qxe4 d6 12. Rad1 Bf5 13. Qe3 O-O-O 14. Bd5
Kb8 15. Qe2 a6 16. Qb2 Kc7 17. Rd2 e4 18. Nd4 h5 19. Rb1 Bc8 20. Nxc6 bxc6 21.
Qb6+ Kd7 22. Bxc6+ Ke7 23. Qc7+ Kf8 24. Rxd6 Qe7 25. Rxd8# 1-0

[Event "AUTO-INT-2001"]
[Site "http://www.queenalice.com/game.php?id=922470"]
[Date "2011.4.6"]
[Round "1"]
[White "luke6469"]
[Black "tio_revas"]
[Result "0-1"]
[WhiteElo "1610"]
[BlackElo "1446"]

1. e4 e5 2. Nf3 Nf6 3. Nc3 d5 4. exd5 Nxd5 5. Nxd5 Qxd5 6. d4 Bb4+ 7. c3 Ba5 8.
Nxe5 f6 9. Nf3 Bf5 10. Be2 O-O 11. O-O Nc6 12. b4 a6 13. bxa5 Nxa5 0-1

[Event "AUTO-INT-2001"]
[Site "http://www.queenalice.com/game.php?id=922471"]
[Date "2011.4.6"]
[Round "1"]
[White "tio_revas"]
[Black "luke6469"]
[Result "1-0"]
[WhiteElo "1469"]
[BlackElo "1587"]

1. e4 e6 2. d4 d5 3. e5 c5 4. Nf3 cxd4 5. Qxd4 Nc6 6. Qa4 Bd7 7. Bb5 a6 8. Bd3
Nxe5 9. Nxe5 Nf6 10. O-O Bxa4 11. Bg5 Be7 12. g3 Nd7 13. Nxd7 Bxd7 14. Bxe7 Qxe7
15. Nc3 1-0

[Event "AUTO-ADV-2119"]
[Site "http://www.queenalice.com/game.php?id=922489"]
[Date "2011.4.6"]
[Round "1"]
[White "avian"]
[Black "luke6469"]
[Result "1-0"]
[WhiteElo "1727"]
[BlackElo "1724"]

1. d4 Nf6 2. c4 e6 3. Nc3 Bb4 4. Nf3 b6 5. e3 Bb7 6. Be2 O-O 7. O-O Bxc3 8. bxc3
d6 9. Ba3 Nbd7 10. Qc2 Ne4 11. Rfd1 f5 12. d5 e5 13. Bd3 Ndf6 14. Nxe5 dxe5 15.
Bxf8 Qxf8 16. f3 Nd6 17. Rf1 Nd7 18. e4 f4 19. a4 Nc5 20. a5 Nxd3 21. Qxd3 Ba6
22. Ra4 1-0

[Event "AUTO-ADV-2119"]
[Site "http://www.queenalice.com/game.php?id=922490"]
[Date "2011.4.6"]
[Round "1"]
[White "luke6469"]
[Black "avian"]
[Result "1-0"]
[WhiteElo "1628"]
[BlackElo "1761"]

1. e4 e6 2. d4 d5 3. Nd2 c5 4. Ngf3 Nc6 5. exd5 exd5 6. Bb5 Qa5 7. Qe2+ Ne7 8.
O-O a6 9. Bxc6+ bxc6 10. Nb3 Qc7 11. Nxc5 Bg4 12. h3 Bxf3 13. Qxf3 g6 14. Bf4
Qb6 15. Be5 Rg8 16. Rae1 Bg7 17. Bxg7 Rxg7 18. Qf6 1-0

[Event "AUTO-ADV-2119"]
[Site "http://www.queenalice.com/game.php?id=922517"]
[Date "2011.4.6"]
[Round "1"]
[White "luke6469"]
[Black "Canaye"]
[Result "1-0"]
[WhiteElo "1668"]
[BlackElo "1918"]

1. e4 e6 2. d4 d5 3. Nd2 dxe4 4. Nxe4 Nd7 5. Nf3 Ngf6 6. Nc3 Bb4 7. Bd3 Nd5 8.
Bd2 Nxc3 9. bxc3 Be7 10. O-O O-O 11. c4 c5 12. c3 e5 13. Qc2 f5 14. Bxf5 cxd4
15. cxd4 exd4 16. Nxd4 g6 17. Be6+ Kh8 18. Bc3 Nf6 19. Rad1 Qc7 20. Rfe1 Ng4 21.
Bxg4 Qxc4 22. Ne6+ Kg8 23. Nxf8 Qxg4 24. Rxe7 Kxf8 25. Rxh7 Kg8 26. Rg7+ 1-0

[Event "AUTO-ADV-2119"]
[Site "http://www.queenalice.com/game.php?id=922518"]
[Date "2011.4.6"]
[Round "1"]
[White "Canaye"]
[Black "luke6469"]
[Result "1-0"]
[WhiteElo "1952"]
[BlackElo "1706"]

1. e4 e6 2. f4 d5 3. exd5 exd5 4. Nf3 Nf6 5. d4 Nbd7 6. Bd3 c5 7. c3 Be7 8. O-O
O-O 9. Nbd2 b6 10. dxc5 bxc5 11. c4 d4 12. Qc2 Bb7 13. Ng5 h6 14. Nh7 Re8 15.
Nf3 Kh8 16. Ne5 Nxe5 17. fxe5 Nxh7 18. Bxh7 Rf8 19. Bf5 Bg5 20. Bf4 Bxf4 21.
Rxf4 Qe7 22. Re1 g6 23. Be4 Qxe5 24. Qf2 Qe7 25. Bxg6 Qg5 26. Be4 Bxe4 27. Rexe4
Rae8 28. Rxe8 Rxe8 29. h4 Re1+ 30. Kh2 1-0

[Event "QA Tribute: spawnwolfwolverine"]
[Site "http://www.queenalice.com/game.php?id=1110867"]
[Date "2012.10.9"]
[Round "-"]
[White "Elafsson"]
[Black "luke6469"]
[Result "1-0"]
[WhiteElo "2083"]
[BlackElo "1520"]

1. e4 e5 2. Nf3 Nc6 3. d4 exd4 4. Nxd4 Nf6 5. Nxc6 bxc6 6. e5 Qe7 7. Qe2 Nd5 8.
c4 Ba6 9. b3 g6 10. Ba3 Qg5 11. Bb2 Bb4+ 12. Kd1 O-O 13. Qc2 Nf4 14. g3 1-0

[Event "QA Tribute: phystutordotcom"]
[Site "http://www.queenalice.com/game.php?id=1110868"]
[Date "2012.10.9"]
[Round "-"]
[White "luke6469"]
[Black "Elafsson"]
[Result "0-1"]
[WhiteElo "1522"]
[BlackElo "2081"]

1. e4 e5 2. Nf3 Nc6 3. Bc4 Nf6 4. d3 Bc5 5. c3 d6 6. Nbd2 O-O 7. a4 a5 8. O-O
Bg4 9. Qb3 Rb8 10. h3 Bh5 11. Re1 Qd7 12. Bb5 Qe7 0-1

[Event "AUTO-OPEN-2813"]
[Site "http://www.queenalice.com/game.php?id=1110969"]
[Date "2012.10.9"]
[Round "1"]
[White "Janivgm"]
[Black "luke6469"]
[Result "1-0"]
[WhiteElo "1944"]
[BlackElo "1534"]

1. e4 e5 2. Bc4 Nf6 3. d3 c6 4. Nf3 d5 5. Bb3 Bd6 6. Nc3 Be6 7. O-O Nbd7 8. Bg5
h6 9. Bh4 Qc7 10. Re1 O-O 11. a3 a6 12. Qd2 Rae8 13. h3 d4 14. Na4 1-0

[Event "AUTO-OPEN-2813"]
[Site "http://www.queenalice.com/game.php?id=1110970"]
[Date "2012.10.9"]
[Round "1"]
[White "luke6469"]
[Black "Janivgm"]
[Result "0-1"]
[WhiteElo "1532"]
[BlackElo "1946"]

1. e4 e5 2. Nf3 d6 3. d4 Nf6 4. Nc3 Nbd7 5. Bc4 h6 6. O-O Be7 7. h3 O-O 8. Be3
b6 9. Bd3 c5 10. d5 a6 11. a4 Bb7 12. Nd2 Nh7 13. Qe2 Bg5 0-1

[Event "AUTO-OPEN-2813"]
[Site "http://www.queenalice.com/game.php?id=1110987"]
[Date "2012.10.9"]
[Round "1"]
[White "luke6469"]
[Black "marcomasao"]
[Result "0-1"]
[WhiteElo "1563"]
[BlackElo "1594"]

1. e4 e5 2. Nf3 Nc6 3. Bc4 d6 4. c3 Nf6 5. d3 h6 6. Nbd2 Bd7 7. O-O Qe7 8. b4 a6
9. a4 Na7 10. b5 axb5 11. axb5 b6 0-1

[Event "AUTO-OPEN-2813"]
[Site "http://www.queenalice.com/game.php?id=1110988"]
[Date "2012.10.9"]
[Round "1"]
[White "marcomasao"]
[Black "luke6469"]
[Result "1-0"]
[WhiteElo "1609"]
[BlackElo "1548"]

1. e4 e5 2. Bc4 Nf6 3. Nc3 Bc5 4. h3 d6 5. d3 Be6 6. Bxe6 fxe6 7. Nf3 O-O 8. Bd2
a6 9. a3 Nc6 10. Qe2 b5 11. b4 Ba7 12. Ng5 1-0

[Event "AUTO-OPEN-2818"]
[Site "http://www.queenalice.com/game.php?id=1112684"]
[Date "2012.10.15"]
[Round "1"]
[White "hba111"]
[Black "luke6469"]
[Result "1-0"]
[WhiteElo "2405"]
[BlackElo "1565"]

1. e4 e5 2. Nf3 Nc6 3. Bb5 Nf6 4. O-O Be7 5. Nc3 d6 6. d4 Bd7 7. d5 Nb8 8. Bxd7+
Nbxd7 9. Nh4 Nxe4 10. Nf5 Nxc3 11. Nxg7+ Kf8 12. Ne6+ fxe6 13. Bh6+ Kf7 14. Qh5+
1-0

[Event "AUTO-OPEN-2818"]
[Site "http://www.queenalice.com/game.php?id=1112685"]
[Date "2012.10.15"]
[Round "1"]
[White "luke6469"]
[Black "hba111"]
[Result "0-1"]
[WhiteElo "1567"]
[BlackElo "2404"]

1. e4 c5 2. d4 cxd4 3. c3 dxc3 4. Nxc3 Nc6 5. Nf3 d6 6. Bc4 e6 7. O-O Be7 8. Qe2
a6 9. Rd1 b5 10. Bb3 Ra7 11. Be3 Rd7 12. a4 b4 0-1